00943nam a2200229 a 450000100100000000500170001000800410002704000250006808200170009310000260011024501560013626000480029230000210034050400740036153400320043570000380046770000260050570000350053104900090056695201210057599900170069600002416820200930022756.0110119s1981 ag r 000 0 spa d aDO-SdBNPbspacBNPHU axxxxxbM479m1 aMead, Margaret94963114aLas mujeres en el mundo de hoy :bprejuicios y perjuicios /cMargaret Mead , Teresa Orrego de Figueroa , Nadia Youssef ; traducción Artigas Suárez. aBuenos Aires, Argentina :bFraterna,c1981. a362 p. ;c20 cm. aIncluye referencias bibliográficas y notas al pie de las páginas. awomen and world development1 aOrrego de Figueroa, Teresa9496321 aYoussef, Nadia9496331 aSuárez, Artigas,etr.949634 aBNGR 001054708MOaGRbGRcCTd2011-01-19iLF1l0oxxxxx M479mp24168-10r2020-06-25w2020-06-25y4ZPréstamo en sala c23662d23662